Every 200k+ city in Egypt on a map - Statistics

General Stats
  • This quiz has been taken 12 times
  • The average score is 15 of 33
Answers on the Map
Answers color-coded by a green-red scale on the quiz's map according to % correct below.
 
Answer Stats
Population City % Correct
5 576k Alexandria
100%
10 228k Cairo
100%
4 665k Giza
100%
818k Port Said
100%
697k Suez
100%
316k Luxor
90%
462k Aswan
80%
637k Asyut
60%
333k Damietta
60%
498k Ismaïlia
60%
339k Beni Suef
50%
285k Qena
50%
299k 10th of Ramadan city
40%
230k Hurghada
40%
333k New Cairo
40%
305k Sohag
40%
659K Tanta
40%
215k El Arish
30%
569k Fayoum
30%
254k Mallawi
30%
1 351k Shubra El Kheima
30%
532k Al Khusus
20%
338k Al Minya
20%
377k Damanhour
20%
687k El Mansoura
20%
210k Idku
20%
212k Kafr El Sheikh
20%
678k Mahalla El Kubra
20%
303k Shibin El-Kom
20%
519k Zagazig
20%
394k 6th October City
10%
225k Bilbeis
10%
233k Mersa Matruh
10%
No matching quizzes found
Score Distribution
Percent of People with Each Score
Percentile by Number Answered
Your Score History
You have not taken this quiz